| 000 | 00773cam a2200265 4500 | ||
|---|---|---|---|
| 001 | 1418 | ||
| 003 | BD-RjUL | ||
| 005 | 20211208233332.0 | ||
| 008 | 1 s1955 nyu 001 0 eng | ||
| 035 | _a(BD-RjUL)1440 | ||
| 040 |
_aDLC _cDLC _dDLC _beng |
||
| 041 | _aeng | ||
| 082 | 0 | 0 |
_a189.09 _216 _bGIH 1955 |
| 100 | 1 |
_aGilson, Etienne _d1884-1978. _93154 |
|
| 245 | 1 | 0 |
_aHistory of Christian philosophy in the Middle Ages / _cEtienne Gilson |
| 260 |
_aNew York, _bRandom House _c[c1955] |
||
| 300 |
_a829 p. ; _c24 cm. |
||
| 490 | 0 | _aThe Random House lifetime library | |
| 650 | 0 |
_aPhilosophy _xHistory. _94184 |
|
| 650 | 0 |
_aPhilosophy, Medieval. _94185 |
|
| 650 | 0 |
_aChristianity _xPhilosophy. _9266 |
|
| 942 |
_2ddc _cBK |
||
| 999 |
_c1418 _d1418 |
||